00250nam a2200097Ia 4500001000800000005001700008008004100025020001800066245004800084260002000132126665420260417145118.0260417s9999 xx 000 0 und d a9789752121157 0aKaptan Düşükdon 12. KitapcDav Pilkey bAltın Kitaplar